| 000 | 00710nam a2200253 a 4500 | ||
|---|---|---|---|
| 001 | 24407 | ||
| 003 | UkOxU | ||
| 005 | 20211209001040.0 | ||
| 008 | 140313s1904 enk 001 0beng d | ||
| 035 | _aBD-RjUL)24473 | ||
| 040 |
_aDLC _cERE _dm.c _dBD-RjUL _beng |
||
| 041 | _aeng | ||
| 082 | 0 | 4 |
_a920 _bRUS 1904 |
| 100 | 1 |
_aRussell, George William Erskine, _d1853-1919. _975144 |
|
| 245 | 1 | 0 |
_aSydney Smith / _cby George W. E. Russell |
| 260 |
_aLondon : _bMacmillan, _c1904 |
||
| 300 |
_avii, 241 p. ; _c19 cm |
||
| 504 | _aIncludes Index | ||
| 600 | 1 | 0 |
_aSmith, Sydney, _d1771-1845 _975148 |
| 830 | 0 |
_aEnglish men of letters _975149 |
|
| 942 |
_2ddc _cBK |
||
| 999 |
_c24407 _d24407 |
||